00887nam a2200205 a 450000100100000000500170001000800410002704000250006808200150009310000250010824500920013325000110022526000310023630000280026759000760029550400730037170000340044495201860047899900170066400003522820200930074206.0111026s1961 sp 000 0 spa d aDO-SdBNPbspacBNPHU axxxxbxxxx1 aGonnard, Rene96097910aHistoria de las doctrinas económicas /cRene Gonnrard ; traducción J. Campo Moreno. a6a ed. aMadrid, :bAguilar,c1961. axxiii, 641 p. ;c22 cm. aPerteneció a la biblioteca personal de Juan Isidro Jimenes Grullón. aIncluye referencias bibliográficas y notas al pie de las páginas1 aCampo Moreno, J.,etr.960980 001050718RVaGRbGRcHDd2011-10-26iLF1l0oxxxx xxxxp35228-10r2020-06-25w2020-06-25y1zPerteneció a la biblioteca personal de Juan Isidro Jimenes Grullón.ZNo se presta c34719d34719